Normal view
MARC view
Entry Personal Name
001 - CONTROL NUMBER
- control field: 2540
003 - CONTROL NUMBER IDENTIFIER
- control field: OSt
005 - DATE AND TIME OF LATEST TRANSACTION
- control field: 20150120143505.0
008 - FIXED-LENGTH DATA ELEMENTS
- fixed length control field: 150120|| aca||aabn | a|a d
040 ## - CATALOGING SOURCE
- Original cataloging agency: OSt
- Transcribing agency: OSt
100 ## - HEADING--PERSONAL NAME
- Personal name: Ridley, J. E.
- Fuller form of name: (John E.)
670 ## - SOURCE DATA FOUND
- Source citation: Work cat.: (OSt)944: Ridley, J. E. (John E.), Introduction to programmable logic controllers :, 1997.
